01048nam a2200229 i 4500001001000000003000900010005001700019007000300036008004100039040003000080082002500110100003400135245007500169264006600244300002700310336002700337337003300364338002800397500017200425500014100597650008000738000004523DO-SdBNP20231127124811.0ta090723s1974 dr 000 0 spa d aDO-SdBNPbspacBNPHUerda 4a320.97293bA473i2221 aÁlvarez, Federico C.eautor10aIdeología política del pueblo dominicano /cFederico C. Álvarez. 1aSanto Domingo :bSociedad Dominicana de Bibliófilos,c1974. a65 páginas ;c20 cm. 2rdacontentatextobtxt 2rdamediaasin mediaciónbn 2rdacarrieravolumenbnc aConferencia leida por el Lic. Federico C. Álvarez en la sesión extraordinaria de la Sociedad Amanes de la Luz, Santiago de los Caballeros , el 17 de julio de 1929. aIncluye la portada de la edición publicada en: Santiago de los Caballeros, República Dominicana: Talleres de la información, 1929. 4aRepública DominicanaxPolítica y gobiernovEnsayos, conferencias, etc.